| 000 | 00769cam a22002657a 4500 | ||
|---|---|---|---|
| 003 | CHAP | ||
| 005 | 20220329141613.0 | ||
| 008 | 971013s1966 r 00010 d | ||
| 010 | _a70869 | ||
| 011 | _a71841 | ||
| 035 | _a81395 | ||
| 040 | _cCHAP | ||
| 082 |
_a581.183 _bD3 |
||
| 100 | 0 | 0 |
_aDarwin, Charles. _931103 |
| 245 | 1 | 4 | _aThe power of movement in plants |
| 260 |
_aNew York : _bDa Capo Press, _c1966 |
||
| 300 |
_a592 p. _b: ilus. |
||
| 590 |
_aBATCH-UPD _b10 _c20130110 _lUCH01 _h0057 |
||
| 590 |
_aBATCH-UPD _b10 _c20130110 _lUCH01 _h2126 |
||
| 590 |
_aCONVERSION _b10 _c20130109 _lUCH01 _h1339 |
||
| 650 | 1 | 4 |
_aPlantas _xMovimiento. _988861 |
| 901 | _aBK | ||
| 942 | _cLIBRO | ||
| 949 |
_a581.183 D3 _bBC _cLIBRO _d33724000510632 _eLIBRO _h12600 _i81395 _si _t122.00 |
||
| 999 |
_c70869 _d70869 |
||